Every day is Saturday : (Record no. 2666)
[ view plain ]
| 000 -LEADER | |
|---|---|
| fixed length control field | 01387cam a22003014a 4500 |
| 001 - CONTROL NUMBER | |
| control field | 12061980 |
| 003 - CONTROL NUMBER IDENTIFIER | |
| control field | GBCCL |
| 005 - DATE AND TIME OF LATEST TRANSACTION | |
| control field | 20241126110436.0 |
| 008 - FIXED-LENGTH DATA ELEMENTS--GENERAL INFORMATION | |
| fixed length control field | 000619s2000 moua b 000 0 eng |
| 010 ## - | |
| -- | 00010076 |
| 020 ## - INTERNATIONAL STANDARD BOOK NUMBER | |
| International Standard Book Number | 0570052505 (pbk.) |
| 040 ## - CATALOGING SOURCE | |
| Original cataloging agency | DLC |
| Transcribing agency | DLC |
| Modifying agency | DLC |
| 042 ## - | |
| -- | pcc |
| 050 00 - | |
| -- | BV4596.R47 |
| -- | H37 2000 |
| 082 00 - DEWEY DECIMAL CLASSIFICATION NUMBER | |
| Classification number | 248.85 |
| Edition information | 21 |
| Item number | HAR |
| 100 1# - MAIN ENTRY--PERSONAL NAME | |
| Personal name | Harvey, L. James, |
| Dates associated with a name | 1930- |
| 9 (RLIN) | 5614 |
| 245 10 - TITLE STATEMENT | |
| Title | Every day is Saturday : |
| Remainder of title | a Christian guide to a fantastic retirement / |
| Statement of responsibility, etc. | L. James & Jackie Harvey. |
| 260 ## - PUBLICATION, DISTRIBUTION, ETC. | |
| Place of publication, distribution, etc. | St. Louis : |
| Name of publisher, distributor, etc. | Concordia Pub. House, |
| Date of publication, distribution, etc. | c2000. |
| 300 ## - PHYSICAL DESCRIPTION | |
| Extent | 160 p. : |
| Other physical details | ill. ; |
| Dimensions | 23 cm. |
| 504 ## - BIBLIOGRAPHY, ETC. NOTE | |
| Bibliography, etc. note | Includes bibliographical references. |
| 505 0# - FORMATTED CONTENTS NOTE | |
| Formatted contents note | Faith : the core of a successful retirement -- Health : from major senior maladies to healthy living -- Activity : finding new meaning in life -- Finance : the principles of handing money in retirement -- Death : the return to the home office -- What's it really like? -- retirees on retirement. |
| 650 #0 - SUBJECT ADDED ENTRY--TOPICAL TERM | |
| Topical term or geographic name entry element | Retirees |
| General subdivision | Religious life. |
| 9 (RLIN) | 5615 |
| 650 #0 - SUBJECT ADDED ENTRY--TOPICAL TERM | |
| Topical term or geographic name entry element | Retirement |
| General subdivision | Religious aspects |
| -- | Christianity. |
| 9 (RLIN) | 5616 |
| 700 1# - ADDED ENTRY--PERSONAL NAME | |
| Personal name | Harvey, Jackie. |
| 9 (RLIN) | 5617 |
| 906 ## - LOCAL DATA ELEMENT F, LDF (RLIN) | |
| a | 7 |
| b | cbc |
| c | orignew |
| d | 1 |
| e | ecip |
| f | 20 |
| g | y-gencatlg |
| 942 ## - ADDED ENTRY ELEMENTS (KOHA) | |
| Source of classification or shelving scheme | Dewey Decimal Classification |
| Koha item type | Books |
| Withdrawn status | Lost status | Source of classification or shelving scheme | Damaged status | Not for loan | Home library | Current Library | Shelving location | Date acquired | Total checkouts | Full call number | Barcode | Date last seen | Copy number | Price effective from | Koha item type |
|---|---|---|---|---|---|---|---|---|---|---|---|---|---|---|---|
| Dewey Decimal Classification | GRACE BIBLE COLLEGE | GRACE BIBLE COLLEGE | Ministry & Mission | 2017-09-11 | 248.85 HAR | 011591 | 2025-05-01 | c.2 | 2017-09-11 | Books | |||||
| Dewey Decimal Classification | GRACE BIBLE COLLEGE | GRACE BIBLE COLLEGE | Ministry & Mission | 2017-09-11 | 248.85 HAR | 011596 | 2025-05-01 | c.7 | 2017-09-11 | Books | |||||
| Dewey Decimal Classification | GRACE BIBLE COLLEGE | GRACE BIBLE COLLEGE | Ministry & Mission | 2017-09-11 | 248.85 HAR | 011593 | 2025-05-01 | c.4 | 2017-09-11 | Books | |||||
| Dewey Decimal Classification | GRACE BIBLE COLLEGE | GRACE BIBLE COLLEGE | Ministry & Mission | 2017-09-11 | 248.85 HAR | 011594 | 2025-05-01 | c.5 | 2017-09-11 | Books | |||||
| Dewey Decimal Classification | GRACE BIBLE COLLEGE | GRACE BIBLE COLLEGE | Ministry & Mission | 2017-09-11 | 248.85 HAR | 011595 | 2025-05-01 | c.6 | 2017-09-11 | Books |